| 000 | 00815cam a22002775a 4500 | ||
|---|---|---|---|
| 001 | 14167533 | ||
| 005 | 20180817035716.0 | ||
| 008 | 051114s2007 maua 000 0 eng d | ||
| 010 | _a 2005937206 | ||
| 020 | _a9780618642021 | ||
| 020 | _a0618642021 | ||
| 020 | _a9780618642052 (pbk.) | ||
| 020 | _a0618642056 (pbk.) | ||
| 035 | _a(OCoLC)ocm64414563 | ||
| 040 |
_aOSC _cOSC _dDLC |
||
| 041 | _aeng | ||
| 042 | _alccopycat | ||
| 080 |
_22nd _a37 |
||
| 082 | _a37 | ||
| 100 | _a25 | ||
| 101 | _aEDU | ||
| 245 | 1 | 4 |
_aThe college writer brief : _cRandall VanderMey... [et al.] |
| 906 |
_a0 _bibc _ccopycat _d2 _encip _f20 _gy-gencatlg |
||
| 942 |
_2ddc _cBK |
||
| 999 |
_c47197 _d47197 |
||